MARC details
| 000 -LEADER |
| fixed length control field |
02510cam a2200397 a 4500 |
| 001 - CONTROL NUMBER |
| control field |
ocn180577417 |
| 003 - CONTROL NUMBER IDENTIFIER |
| control field |
OCoLC |
| 005 - DATE AND TIME OF LATEST TRANSACTION |
| control field |
20220304121320.0 |
| 007 - PHYSICAL DESCRIPTION FIXED FIELD--GENERAL INFORMATION |
| fixed length control field |
co |g||||||||| |
| 008 - FIXED-LENGTH DATA ELEMENTS--GENERAL INFORMATION |
| fixed length control field |
071101s2009 njua b 001 0 eng |
| 010 ## - LIBRARY OF CONGRESS CONTROL NUMBER |
| LC control number |
2007045347 |
| 020 ## - INTERNATIONAL STANDARD BOOK NUMBER |
| International Standard Book Number |
9780136032601 |
| 020 ## - INTERNATIONAL STANDARD BOOK NUMBER |
| International Standard Book Number |
0136032605 |
| 029 1# - OTHER SYSTEM CONTROL NUMBER (OCLC) |
| OCLC library identifier |
AU@ |
| System control number |
000042344441 |
| 029 1# - OTHER SYSTEM CONTROL NUMBER (OCLC) |
| OCLC library identifier |
NZ1 |
| System control number |
12419674 |
| 035 ## - SYSTEM CONTROL NUMBER |
| System control number |
(OCoLC)180577417 |
| Canceled/invalid control number |
(OCoLC)176888505 |
| 040 ## - CATALOGING SOURCE |
| Original cataloging agency |
DLC |
| Language of cataloging |
eng |
| Transcribing agency |
DLC |
| Modifying agency |
YDX |
| -- |
BAKER |
| -- |
BTCTA |
| -- |
YDXCP |
| -- |
OCLCG |
| -- |
CDN |
| -- |
ZAD |
| -- |
OCLCQ |
| -- |
OCLCF |
| -- |
OCLCQ |
| 050 00 - LIBRARY OF CONGRESS CALL NUMBER |
| Classification number |
HF1017 |
| Item number |
.B38 2009 |
| 082 00 - DEWEY DECIMAL CLASSIFICATION NUMBER |
| Classification number |
519.5 |
| Edition number |
22 |
| 100 1# - MAIN ENTRY--PERSONAL NAME |
| Personal name |
Berenson, Mark L. |
| 245 10 - TITLE STATEMENT |
| Title |
Basic business statistics : |
| Remainder of title |
concepts and applications / |
| Statement of responsibility, etc. |
Mark L. Berenson, David M. Levine, Timothy C. Krehbiel. |
| 250 ## - EDITION STATEMENT |
| Edition statement |
11th ed. |
| 260 ## - PUBLICATION, DISTRIBUTION, ETC. |
| Place of publication, distribution, etc. |
Upper Saddle River, N.J. : |
| Name of publisher, distributor, etc. |
Pearson Prentice Hall, |
| Date of publication, distribution, etc. |
�2009. |
| 300 ## - PHYSICAL DESCRIPTION |
| Extent |
xxix, 983 pages : |
| Other physical details |
illustrations (some color) ; |
| Dimensions |
29 cm + |
| Accompanying material |
1 CD-ROM (4 3/4 in.) |
| 504 ## - BIBLIOGRAPHY, ETC. NOTE |
| Bibliography, etc. note |
Includes bibliographical references and index. |
| 505 0# - FORMATTED CONTENTS NOTE |
| Formatted contents note |
Preface 1 Introduction and Data Collection 2 Presenting Data in Tables and Charts 3 Numerical Descriptive Measures 4 Basic Probability 5 Some Important Discrete Probability Distributions 6 The Normal Distribution and Other Continuous Distributions 7 Sampling Distributions and Sampling 8 Confidence Interval Estimation 9 Fundamentals of Hypothesis Testing: One-Sample Tests 10 Two-Sample Tests 11 Analysis of Variance 12 Chi-Square Tests and Nonparametric Tests 13 Simple Linear Regression 14 Introduction to Multiple Regression 15 Multiple Regression Model Building 16 Time-Series Forecasting and Index Numbers 17 Decision Making 18 Statistical Applications in Quality Management Appendices A-F Self-Test Solutions and Answers to Selected Even-Numbered Problems Index Student CD-ROM Topics 5.6 Using the Poisson Distribution to Approximate the Binomial Distribution CD5-1 7.6 Sampling from Finite Populations CD7-1 8.7 Estimation and Sample Size Determination for Finite Populations CD8-1 12.10 Chi-Square Goodness of Fit Tests 15.6 Influence Analysis 16.9 The Holt-Winters Method for Trend-Fitting and Forecasting. |
| 650 #0 - SUBJECT ADDED ENTRY--TOPICAL TERM |
| Topical term or geographic name entry element |
Commercial statistics. |
| 650 #0 - SUBJECT ADDED ENTRY--TOPICAL TERM |
| Topical term or geographic name entry element |
Statistics. |
| 650 #7 - SUBJECT ADDED ENTRY--TOPICAL TERM |
| Topical term or geographic name entry element |
Commercial statistics. |
| Source of heading or term |
fast |
| 650 #7 - SUBJECT ADDED ENTRY--TOPICAL TERM |
| Topical term or geographic name entry element |
Statistics. |
| Source of heading or term |
fast |
| 700 1# - ADDED ENTRY--PERSONAL NAME |
| Personal name |
Levine, David M., |
| Dates associated with a name |
1946- |
| 700 1# - ADDED ENTRY--PERSONAL NAME |
| Personal name |
Krehbiel, Timothy C. |
| 856 41 - ELECTRONIC LOCATION AND ACCESS |
| Materials specified |
Table of contents |
| Uniform Resource Identifier |
<a href="http://catdir.loc.gov/catdir/toc/fy0805/2007045347.html">http://catdir.loc.gov/catdir/toc/fy0805/2007045347.html</a> |
| 942 ## - ADDED ENTRY ELEMENTS (KOHA) |
| Koha item type |
Books |
| 948 ## - LOCAL PROCESSING INFORMATION (OCLC); SERIES PART DESIGNATOR (RLIN) |
| h (OCLC) |
NO HOLDINGS IN GHUCC - 92 OTHER HOLDINGS |